[Event "WIO (Reserve)"]
[Site "Boise, ID"]
[Date "2006.12.09"]
[Round "2.7"]
[White "Abderhalden, Richard Robert"]
[Black "Wong, Vanessa Wonyee"]
[Result "1-0"]
[WhiteElo "903"]
[BlackElo "708"]

1. e4 e5 2. Nf3 Nc6 3. c3 Nf6 4. d4 d5 5. dxe5 Nxe4 6. Nbd2 Nxd2 7. Bxd2 Bf5
8. Bb5 a6 9. Ba4 b5 10. Bb3 Bc5 11. O-O O-O 12. Bf4 Ne7 13. Qd2 c6 14. Bc2 Be4
15. Bxe4 dxe4 16. Nd4 Ng6 17. Bh6 Bxd4 18. cxd4 gxh6 19. Qxh6 Qxd4 20. b3 Qxe5
21. h4 Qc7 22. Qg5 f6 23. Qg4 Kh8 24. h5 Ne5 25. Qf5 Rg8 26. h6 Ng4 27. Qh5
Rg5 28. Qh3 Rd8 29. Rae1 f5 30. Rd1 Rdg8 31. Qc3+ R5g7 32. hxg7+ Rxg7 33. Qh3
Rg6 34. Qg3 f4 35. Qc3+ Kg8 36. Rfe1 f3 37. g3 Qb6 38. Rd2 Rh6 39. Rxe4 Rg6
40. Qxf3 h5 41. Re8+ Kg7 42. Rd7+ Kh6 43. Qf4+ Rg5 44. Re6+ Nf6 45. Rxf6# 1-0

[Event "WIO (Reserve)"]
[Site "Boise, ID"]
[Date "2006.12.09"]
[Round "3.5"]
[White "Abderhalden, Katherine Louise"]
[Black "Barry, Justin T"]
[Result "1-0"]
[WhiteElo "817"]
[BlackElo "441"]

1. e4 e5 2. Nf3 Nc6 3. Bc4 Nf6 4. c3 Nxe4 5. Qe2 Nf6 6. d4 e4 7. Ng5 h6 8.
Nxf7 Qe7 9. Nxh8 d5 10. Bb5 Bd7 11. Ng6 Qf7 12. Ne5 Qe6 13. Bxc6 Bxc6 14. Bf4
O-O-O 15. O-O g5 16. Bg3 a6 17. b4 Bb5 18. Qe1 Bxf1 19. Qxf1 Bd6 20. a4 h5 21.
h3 h4 22. Bh2 Rg8 23. Qe2 g4 24. hxg4 Nxg4 25. Nxg4 Rxg4 26. Qe3 Bxh2+ 27.
Kxh2 Qg6 28. g3 hxg3+ 29. fxg3 Rxg3 30. Qxg3 Qh5+ 31. Qh3+ Kd8 32. Qxh5 e3 33.
Na3 Kd7 34. Re1 b6 35. Rxe3 c5 36. bxc5 bxc5 37. dxc5 a5 38. Rg3 Kc6 39. Rg4
Kxc5 40. c4 Kb4 41. cxd5+ Kxa3 42. Qh3+ Ka2 43. Rg2+ Kb1 44. Qg3 Ka1 45. Qe1#
1-0

[Event "WIO (Reserve)"]
[Site "Boise, ID"]
[Date "2006.12.10"]
[Round "5.5"]
[White "Langrell, Alexander Michael"]
[Black "Abderhalden, Richard Robert"]
[Result "1-0"]
[WhiteElo "575"]
[BlackElo "903"]

1. e4 e5 2. Nf3 Nc6 3. Bc4 Nf6 4. d3 Bc5 5. h3 O-O 6. b3 d5 7. exd5 Nxd5 8.
Qe2 Re8 9. Qe4 Nf6 10. Qe2 Qd6 11. Ng5 Be6 12. Nd2 Bb4 13. Nge4 Nxe4 14. Qxe4
Nd4 15. Kd1 Bxd2 16. Bxd2 Bxc4 17. bxc4 b6 18. c3 Nc6 19. Bc1 Rad8 20. Ke2 f5
21. Qe3 e4 22. d4 Na5 23. Qg5 Nxc4 24. Qxf5 c5 25. Bf4 Qc6 26. Bg5 Rd5 27. Qf4
cxd4 28. cxd4 Rxd4 29. Rhd1 Rd6 30. Rac1 Rxd1 31. Kxd1 Qd5+ 32. Ke2 Qd3+ 33.
Ke1 Rf8 34. Qg3 e3 35. Bxe3 Nxe3 36. Qxe3 Re8 37. Qxe8# 1-0

[Event "ICA January Quads #3"]
[Site "Boise, ID"]
[Date "2007.01.03"]
[Round "1.2"]
[White "Abderhalden, Richard Robert"]
[Black "Patterson, Kevin R"]
[Result "1-0"]
[WhiteElo "903"]
[BlackElo "732"]

1. e4 Nh6 2. d4 g6 3. Nf3 Bg7 4. c3 O-O 5. Bc4 e6 6. e5 Nc6 7. O-O Qe7 8. Bg5
f6 9. exf6 Bxf6 10. Bxh6 Bg7 11. Bxg7 Kxg7 12. Nbd2 d5 13. Bb5 Qd6 14. Bxc6
Qxc6 15. Ne5 Qb5 16. Rb1 Bd7 17. Ndf3 Qa6 18. Ng5 Bb5 19. Re1 Rf5 20. Qg4 Raf8
21. f3 h5 22. Qg3 Qxa2 23. Nxe6+ Kg8 24. Qxg6+ Kh8 25. Nxf8 Rxf8 26. Nf7+ Rxf7
27. Qxf7 Bd3 28. Re8# 1-0

[Event "ICA January Quads #3"]
[Site "Boise, ID"]
[Date "2007.01.03"]
[Round "1.3"]
[White "Patterson, Emily N"]
[Black "Abderhalden, Katherine Louise"]
[Result "0-1"]
[WhiteElo "327"]
[BlackElo "817"]

1. e4 e5 2. Nf3 Nc6 3. Bc4 Bc5 4. c3 Nf6 5. d4 exd4 6. cxd4 Bb4+ 7. Bd2 Bxd2+
8. Nbxd2 d5 9. exd5 Nxd5 10. Bxd5 Qxd5 11. Qe2+ Qe6 12. Qxe6+ Bxe6 13. O-O Kd7
14. Rfd1 f5 15. Nf1 Bc4 16. Ne5+ Nxe5 17. dxe5+ Ke6 18. Ne3 Ba6 19. f4 Rad8
20. Rdc1 c6 21. Nc4 Bxc4 22. Rxc4 Rd7 23. h3 Rhd8 24. g4 Rd4 25. Rac1 fxg4 26.
hxg4 g6 27. g5 Kf5 28. b3 Rxf4 29. Re1 Rxc4 30. bxc4 Kxg5 31. Kf2 Re8 32. Kf3
Kf5 33. Rb1 b6 34. Rc1 c5 35. Rd1 Rxe5 36. Rd7 h5 37. Rf7+ Kg5 38. Rxa7 Re6
39. a4 Kf5 40. Rf7+ Rf6 41. Rd7 Ke6+ {#R} 0-1

[Event "ICA January Quads #3"]
[Site "Boise, ID"]
[Date "2007.01.10"]
[Round "2.2"]
[White "Abderhalden, Katherine Louise"]
[Black "Daptardar, Soham Virendra"]
[Result "0-1"]
[WhiteElo "817"]
[BlackElo "788"]

1. e4 e5 2. Nf3 Nc6 3. Bc4 Bc5 4. c3 Nf6 5. d4 exd4 6. cxd4 Bb4+ 7. Nc3 Nxe4
8. Qe2 d5 9. Bd3 Bf5 10. Bd2 Bxc3 11. Bxc3 Qe7 12. Ne5 Nxc3 13. bxc3 Bxd3 14.
Qxd3 Nxe5 15. dxe5 Qxe5+ 16. Qe3 Qxe3+ 17. fxe3 O-O-O 18. Ke2 Rhe8 19. Kf3 Re7
20. Rad1 Rde8 21. Rhe1 Re5 22. Rd4 R8e6 23. a4 Rh6 24. h3 Rg6 25. Red1 Rf5+
26. Rf4 Rxf4+ 27. exf4 c6 28. g4 Rh6 29. Kg3 Kc7 30. Rb1 Re6 31. Kf3 c5 32. f5
Re4 33. Ra1 Rc4 34. Ra3 Kb6 35. Ke3 Ka5 36. Kd3 Rxa4 37. Rxa4+ Kxa4 38. Kc2 b5
39. h4 b4 40. g5 g6 41. fxg6 fxg6 42. Kb2 bxc3+ 43. Kxc3 a5 44. Kb2 Kb4 45.
Ka2 Kc3 46. Kb1 Kd2 47. Kb2 c4 48. Kb1 c3 49. Ka2 c2 50. Ka3 c1=Q+ 51. Ka4 Qc5
52. Kb3 Qb4+ 53. Ka2 Kc2 54. Ka1 Qb1# 0-1

[Event "ICA January Quads #3"]
[Site "Boise, ID"]
[Date "2007.01.17"]
[Round "3.2"]
[White "Abderhalden, Richard Robert"]
[Black "Patterson, Emily N"]
[Result "1-0"]
[WhiteElo "903"]
[BlackElo "350"]

1. e4 e5 2. Nf3 Nc6 3. c3 Nf6 4. d4 exd4 5. cxd4 Bb4+ 6. Bd2 Bxd2+ 7. Nbxd2
O-O 8. Bc4 d5 9. Bd3 dxe4 10. Nxe4 Nxe4 11. Bxe4 Qe7 12. Qd3 Nb4 13. Qe3 b6
14. Bxa8 Nc2+ 15. Ke2 Nxe3 16. fxe3 Ba6+ 17. Kd2 Rxa8 18. Rac1 Qb4+ 19. Kd1
Qb5 20. Rc2 Qd3+ 21. Kc1 Qxe3+ 22. Kd1 Bd3 23. Rd2 Re8 24. Re1 Qxe1+ 25. Nxe1
Bf1 26. Rc2 g6 27. Rxc7 Be2+ 28. Kd2 a5 29. Rd7 Bb5 30. Rb7 Re2+ 31. Kd1 Re4
32. Rxb6 Rxd4+ 33. Kc2 Re4 34. Rxb5 Rxe1 35. Kd2 Rg1 36. Rxa5 Rxg2+ 37. Kc3
Rxh2 38. b4 f5 39. b5 f4 40. b6 Rh3+ 41. Kd4 Rh4 42. b7 f3+ 43. Ke3 Rb4 44.
Ra8+ Kg7 45. b8=Q Rxb8 46. Rxb8 h5 47. Kxf3 g5 48. Rb6 g4+ 49. Kg3 Kh7 50. a4
Kg7 51. a5 Kh7 52. a6 Kg7 53. a7 Kh7 54. a8=R Kg7 55. Ra7+ Kf8 56. Rb8# 1-0

[Event "Idaho Open (Reserve)"]
[Site "Pocatello, ID"]
[Date "2008.04.05"]
[Round "3.2"]
[White "Abderhalden, Richard Robert"]
[Black "Treiman, Lauren Sara"]
[Result "0-1"]
[WhiteElo "1148"]
[BlackElo "1164"]

1. e4 e5 2. Nf3 Nc6 3. c3 f5 4. d4 fxe4 5. Nxe5 Nxe5 6. dxe5 d6 7. Bf4 Bf5 8.
Bc4 dxe5 9. Qxd8+ Rxd8 10. Bxe5 Rd7 11. O-O Nf6 12. Na3 Bd6 13. Bxd6 Rxd6 14.
Rfd1 Rc6 15. Bb5 Bd7 16. Bxc6 Bxc6 17. Nc4 O-O 18. Re1 Ng4 19. Ne3 Nxf2 20.
Rf1 Nd3 21. Nf5 Re8 22. Nd4 Bd5 23. b3 e3 24. Nc2 e2 25. Rfb1 Be4 26. h3 Nf4
27. Rc1 Bxc2 28. Kh2 Bd1 {#R} 0-1

[Event "Idaho Open (Reserve)"]
[Site "Pocatello, ID"]
[Date "2008.04.06"]
[Round "4.4"]
[White "Steckbauer, Bill"]
[Black "Abderhalden, Richard Robert"]
[Result "0-1"]
[WhiteElo "521"]
[BlackElo "1148"]

1. d4 d6 2. e4 Nf6 3. Nc3 g6 4. Bc4 Bg7 5. h3 Nbd7 6. Nf3 O-O 7. O-O c6 8. Be3
b5 9. Bxf7+ Kxf7 10. Ng5+ Kg8 11. Ne6 Qa5 12. Nxf8 Nxf8 13. Qd2 b4 14. Ne2
Nxe4 15. Qd3 d5 16. f3 Nd6 17. b3 Ba6 18. c4 bxc3 19. Qc2 Nf5 20. Bf2 Nxd4 21.
Qd1 Bxe2 22. Qxe2 Nxe2+ 23. Kh2 c2 24. Rfe1 Bxa1 25. Rxa1 Qc3 26. Re1 c1=R 27.
Rxc1 Qxc1 {#R} 0-1

[Event "Idaho Open (Open)"]
[Site "Pocatello, ID"]
[Date "2008.04.05"]
[Round "2.6"]
[White "Abderhalden, Katherine Louise"]
[Black "Holland, Morry R"]
[Result "1/2-1/2"]
[WhiteElo "1199"]
[BlackElo "1685"]

1. d4 c5 2. d5 Nf6 3. c4 b5 4. b3 g6 5. Nc3 Bg7 6. Rb1 d6 7. Nf3 a6 8. Bg5
Nbd7 9. e3 O-O 10. Bd3 Ng4 11. Qc2 Nde5 12. Nxe5 Nxe5 13. Be2 Re8 14. O-O Bd7
15. cxb5 axb5 16. Nxb5 Qa5 17. a4 Kf8 18. f4 Ng4 19. Rf3 Rec8 20. Bc4 f5 21.
e4 Qb6 22. Kh1 Nf6 23. exf5 Bxf5 24. Bd3 c4 25. bxc4 Rxa4 26. Qxa4 Bxd3 27.
Rxd3 Ng4 28. Rd2 Qe3 29. Qd1 Rxc4 30. Re2 Nf2+ 31. Rxf2 Qxf2 32. h3 h6 33. Rc1
Re4 34. Nxd6 {#d} 1/2-1/2

[Event "Idaho Open (Open)"]
[Site "Pocatello, ID"]
[Date "2008.04.06"]
[Round "4.3"]
[White "Pinedo, Javier A"]
[Black "Abderhalden, Katherine Louise"]
[Result "1-0"]
[WhiteElo "1761"]
[BlackElo "1199"]

1. e4 c5 2. f4 Nc6 3. Nf3 e6 4. c3 Nge7 5. Bb5 g6 6. O-O Bg7 7. d3 O-O 8. Be3
b6 9. Nbd2 Bb7 10. Ng5 d5 11. e5 Nf5 12. Bf2 Nxe5 13. Nxh7 Kxh7 14. fxe5 Bxe5
15. Qg4 Kg7 16. d4 Bd6 17. Bd3 Rh8 18. Nf3 Qc7 19. h3 Rh6 20. Rae1 Ng3 21. Be3
Nxf1 22. Bxh6+ Kxh6 23. Rxf1 Rh8 24. Ng5 Qc8 25. Nxf7+ Kg7 26. Qxg6+ {#r} 1-0

[Event "Idaho Open (Open)"]
[Site "Pocatello, ID"]
[Date "2008.04.06"]
[Round "5.4"]
[White "Owen, Gary"]
[Black "Abderhalden, Katherine Louise"]
[Result "0-1"]
[WhiteElo "1511"]
[BlackElo "1199"]

1. e4 c5 2. Nf3 Nc6 3. d4 cxd4 4. Nxd4 e6 5. Nb5 d6 6. c4 a6 7. N5c3 Nf6 8.
Be2 Be7 9. Be3 O-O 10. O-O b6 11. f4 Bb7 12. Nd2 d5 13. cxd5 exd5 14. exd5
Nxd5 15. Nxd5 Qxd5 16. Bf3 Qb5 17. b3 Rad8 18. Qc2 Bf6 19. Rac1 Nd4 20. Bxd4
Bxd4+ 21. Kh1 Bxf3 22. Nxf3 Bc5 23. Ng5 g6 24. Rcd1 Be3 25. a4 Rxd1 26. Rxd1
Qb4 27. g3 b5 28. Qe4 Qxb3 29. Rb1 Qc3 30. axb5 axb5 31. Qb4 Qc6+ 32. Qe4 Qc3
33. Qb7 h6 34. Ne4 Qc2 35. Rxb5 Qd1+ 36. Kg2 Qe2+ 37. Kh3 Qf1+ 38. Kh4 Kg7 39.
Qc6 {The rest of the game was not recorded. "Low on time" was indicated on the
score sheet.--Jeff Roland.} {#R} 0-1

[Event "WIO (Open)"]
[Site "Caldwell, ID"]
[Date "2008.05.24"]
[Round "3.3"]
[White "Abderhalden, Katherine Louise"]
[Black "Watson, John"]
[Result "0-1"]
[WhiteElo "1260"]
[BlackElo "1533"]

1. d4 d5 2. Bf4 e6 3. e3 c5 4. c4 Nc6 5. Nc3 Bd6 6. Bg3 cxd4 7. exd4 Nf6 8.
Nf3 O-O 9. Bd3 dxc4 10. Bxc4 b6 11. O-O Bxg3 12. fxg3 Bb7 13. d5 Na5 14. Bb5
Nxd5 15. Nxd5 Qxd5 16. Qe2 Rfd8 17. Rfd1 Qc5+ 18. Kh1 Bc6 19. Bd3 Qe7 20. Rac1
Bxf3 21. Qxf3 Rac8 22. h3 Rxc1 23. Rxc1 Nb7 24. Re1 Nc5 25. Bc2 Qb7 26. Rd1
Rxd1+ 27. Qxd1 Qd7 28. Qf3 Qd5 29. b4 Qxf3 30. gxf3 Na6 31. a3 Nc7 32. Kg2 e5
33. Kf2 f6 34. Ke2 g6 35. Kd3 Kf7 36. Bb3+ Ke7 37. Ke4 Kd6 38. f4 f5+ 39. Ke3
Nd5+ 40. Bxd5 Kxd5 41. fxe5 Kxe5 42. h4 h6 43. a4 g5 44. h5 a6 45. a5 bxa5 46.
bxa5 Kd5 47. Kd3 Kc5 48. Kc3 f4 49. gxf4 gxf4 50. Kd3 Kb5 51. Ke4 Kxa5 52.
Kxf4 Kb5 53. Kf5 a5 54. Kg6 a4 55. Kxh6 a3 56. Kg6 a2 57. h6 a1=Q 58. h7 Qh8
{#R} 0-1

[Event "WIO (Open)"]
[Site "Caldwell, ID"]
[Date "2008.05.24"]
[Round "3.5"]
[White "Abderhalden, Richard Robert"]
[Black "Kern, Joshua William"]
[Result "1-0"]
[WhiteElo "1122"]
[BlackElo "1199"]

1. e4 c5 2. Bc4 e6 3. Nc3 Nc6 4. Nf3 d6 5. d3 Be7 6. Be3 Nf6 7. Qd2 h6 8.
O-O-O Ng4 9. h4 a6 10. g3 O-O 11. Nh2 e5 12. f3 Nxe3 13. Qxe3 Nd4 14. Nd5 b5
15. Bb3 Kh8 16. Nxe7 Qxe7 17. Bd5 Bb7 18. Bxb7 Qxb7 19. c3 Rac8 20. Kb1 Nc6
21. f4 b4 22. c4 Nd4 23. Nf3 Nxf3 24. Qxf3 exf4 25. Qxf4 Qd7 26. g4 f6 27. d4
Qe7 28. Rhe1 cxd4 29. Rxd4 Qe5 30. Qd2 a5 31. Rxd6 Rxc4 32. Rd5 Qc7 33. Rd7
Qc8 34. g5 fxg5 35. hxg5 hxg5 36. Qh2+ Kg8 37. Qh3 Rc7 38. Qe6+ {#r} 1-0

[Event "Idaho Closed"]
[Site "Twin Falls, ID"]
[Date "2009.02.14"]
[Round "2.8"]
[White "Ye, Michael"]
[Black "Abderhalden, Katherine Louise"]
[Result "0-1"]
[WhiteElo "1055"]
[BlackElo "1543"]

1. e4 c5 2. Nf3 Nc6 3. d4 cxd4 4. Nxd4 e6 5. Nc3 Nf6 6. Bg5 Be7 7. Nxc6 bxc6
8. e5 Nd5 9. Bxe7 Qxe7 10. Nxd5 exd5 11. Qd4 O-O 12. Bd3 d6 13. O-O-O dxe5 14.
Qa4 Bd7 15. h4 Rfb8 16. c3 Rb7 17. Rd2 Rab8 18. h5 h6 19. Qh4 Qc5 20. Kd1 e4
21. Bxe4 dxe4 22. Re1 Bf5 23. g4 Rd7 24. Rxd7 Bxd7 25. Rxe4 Re8 26. Rd4 Qe7
27. Qxe7 Rxe7 28. Kd2 f5 29. f3 Kf7 30. b4 Kf6 31. c4 Kg5 32. a4 fxg4 33. fxg4
Bxg4 34. b5 cxb5 35. Rd5+ Kh4 36. axb5 Bxh5 37. c5 Bg4 38. c6 Kg3 39. Kc3 h5
40. Kc4 Be6 41. Kc5 Bxd5 42. Kxd5 h4 43. Kd6 Re1 44. c7 Rc1 45. Kd7 g5 46.
c8=Q Rxc8 47. Kxc8 h3 48. Kb7 h2 49. Kxa7 h1=Q 50. b6 g4 51. b7 Qxb7+ 52. Kxb7
Kf3 53. Kc6 g3 54. Kd5 g2 55. Kc4 g1=Q 56. Kc3 Qd1 57. Kb2 Qd3 58. Ka1 Qd2 59.
Kb1 Ke3 {#R} 0-1

[Event "Idaho Closed"]
[Site "Twin Falls, ID"]
[Date "2009.02.15"]
[Round "4.10"]
[White "Abderhalden, Richard Robert"]
[Black "Patterson, Kevin R"]
[Result "1-0"]
[WhiteElo "1440"]
[BlackElo "1017"]

1. e4 c6 2. d4 d5 3. e5 f6 4. Nf3 Bf5 5. Bd3 e6 6. O-O Bxd3 7. Qxd3 Nh6 8. Re1
Nf5 9. exf6 Qxf6 10. Ng5 Kd7 11. Rxe6 Qxd4 12. Qxf5 Qd1+ 13. Re1+ {#r} 1-0

[Event "Idaho Closed"]
[Site "Twin Falls, ID"]
[Date "2009.02.16"]
[Round "5.9"]
[White "Ramalingam, Deeban"]
[Black "Abderhalden, Richard Robert"]
[Result "1/2-1/2"]
[WhiteElo "1080"]
[BlackElo "1440"]

1. e4 d6 2. d4 Nf6 3. Nc3 g6 4. Nf3 Bg7 5. Be3 Bg4 6. Be2 Nc6 7. Qd2 e6 8. h3
Bxf3 9. Bxf3 Qd7 10. O-O O-O 11. Rad1 e5 12. d5 Ne7 13. Bh6 Rad8 14. Bg5 c6
15. Rfe1 cxd5 16. exd5 Rfe8 17. Be2 a6 18. f4 b5 19. b4 Kh8 20. Rf1 Nf5 21.
Qd3 h6 22. Bxf6 Bxf6 23. Ne4 Bg7 24. Bg4 Qa7+ 25. Rf2 Ne3 26. Re1 Nxg4 27.
hxg4 exf4 28. Kf1 Re5 29. Rxf4 Rde8 30. g5 hxg5 31. Qh3+ Kg8 32. Nf6+ Bxf6 33.
Rxe5 Rxe5 34. Rxf6 Qe7 35. Rf3 Rxd5 36. Re3 Re5 37. Rc3 Qf6+ 38. Kg1 Re1+ 39.
Kh2 Qf4+ 40. Qg3 Qxg3+ 41. Kxg3 Kg7 42. Rc6 Rc1 43. Kf3 d5 44. Ke3 Rg1 45.
Rxa6 Rxg2 46. Rd6 Rxc2 47. Rxd5 Rxa2 48. Rxg5 f6 49. Rxb5 g5 50. Ra5 Rb2 51.
b5 g4 52. Kf4 Rb4+ 53. Kg3 Kg6 54. Kh4 Kf7 55. Ra7+ Ke8 56. Rb7 Kd8 57. Rf7
Rxb5 58. Rxf6 Rb4 59. Rg6 Rb2 60. Rxg4 Rb5 {#d} 1/2-1/2

[Event "Idaho Open (Open)"]
[Site "Pocatello, ID"]
[Date "2009.04.04"]
[Round "2.5"]
[White "Sauer, Gary A"]
[Black "Abderhalden, Katherine Louise"]
[Result "1-0"]
[WhiteElo "1610"]
[BlackElo "1534"]

1. e4 c5 2. Nf3 Nc6 3. d4 cxd4 4. Nxd4 e6 5. a3 Nf6 6. Nc3 Be7 7. Be3 O-O 8.
f4 d5 9. e5 Nd7 10. Qd2 Qc7 11. O-O-O a6 12. g3 b5 13. Na2 Nxd4 14. Bxd4 Nc5
15. Bxc5 Bxc5 16. b4 Bb6 17. Nc3 Bd7 18. Kb2 Rfc8 19. Ra1 a5 20. Bd3 Qa7 21.
Ne2 axb4 22. axb4 Qb7 23. c3 Bd8 24. Nd4 f6 25. Qe2 Qc7 26. Rhc1 Rxa1 27. Kxa1
Qa7+ 28. Kb1 Ra8 29. Qb2 fxe5 30. fxe5 Bg5 31. Rc2 Qb6 32. Re2 Rf8 33. Qc2
Rf1+ 34. Kb2 Bc1+ 35. Kb3 Qa6 36. Qa2 Qa4+ 37. Qxa4 bxa4+ 38. Ka2 a3 39. Bb5
Bxb5 40. Nxb5 Bb2 41. Nxa3 Bxc3 42. Kb3 d4 43. Kc4 Rd1 44. Re4 Bb2 45. Nc2 Rd2
46. Nxd4 Rxh2 47. b5 Bxd4 48. Rxd4 Rb2 49. Kc5 Kf7 50. b6 Kg6 51. Rb4 {#r} 1-0

[Event "Idaho Open (Open)"]
[Site "Pocatello, ID"]
[Date "2009.04.04"]
[Round "3.5"]
[White "Patterson, Emily N"]
[Black "Abderhalden, Richard Robert"]
[Result "1/2-1/2"]
[WhiteElo "1445"]
[BlackElo "1425"]

1. f4 d6 2. Nf3 Nf6 3. b3 g6 4. Bb2 Bg7 5. e3 O-O 6. Be2 Bg4 7. O-O Nc6 8. d3
Re8 9. h3 Bxf3 10. Bxf3 Qd7 11. Nd2 e5 12. fxe5 Nxe5 13. Bxb7 Rab8 14. Bf3 c6
15. Bxe5 Rxe5 16. Qe2 Rbe8 17. Rae1 Bh6 18. Nc4 R5e6 19. Bg4 Nxg4 20. Qxg4 Qc7
21. Qg3 Qe7 22. Rf3 d5 23. Nb2 Rxe3 24. Rfxe3 Bxe3+ 25. Kh1 d4 26. Nc4 Qc5 27.
Qd6 Qxd6 28. Nxd6 Re6 29. Nc4 Bf4 30. Rxe6 fxe6 31. Na5 c5 32. Nb7 Kf7 33.
Nxc5 Ke7 34. Ne4 h6 35. g3 Be5 36. Kg2 Kd7 37. Kf3 Kc6 38. a4 Kb6 39. b4 Bg7
40. g4 a6 41. h4 Bf8 42. Kf4 Bxb4 43. Ke5 Be1 44. h5 gxh5 45. gxh5 Ka5 46.
Kxd4 Kxa4 47. Nc5+ Kb5 48. c4+ Kb6 49. Nb3 a5 50. c5+ Kb5 51. Nxa5 Bxa5 52.
Ke5 Kxc5 53. Kxe6 Kd4 54. Kf6 Kxd3 55. Kg6 Bd2 56. Kf5 Kd4 57. Kg4 Ke5 58. Kg3
Ke4 59. Kg4 Ke3 60. Kg3 Ke2 61. Kg2 Be3 62. Kg3 Kf1 63. Kf3 Bb6 64. Kg3 Kg1
65. Kh3 Kf2 66. Kh2 {#d} 1/2-1/2

[Event "Idaho Open (Open)"]
[Site "Pocatello, ID"]
[Date "2009.04.04"]
[Round "3.6"]
[White "Abderhalden, Katherine Louise"]
[Black "Mothersill, Tom Edgar"]
[Result "1-0"]
[WhiteElo "1534"]
[BlackElo "1425"]

1. d4 d5 2. Bf4 Bf5 3. e3 e6 4. c4 Bxb1 5. Qxb1 Bb4+ 6. Kd1 Nf6 7. Nf3 Ne4 8.
Qc2 Nd7 9. Bd3 Ndf6 10. Bxe4 Nxe4 11. Ke2 Bd6 12. cxd5 exd5 13. Nd2 Nxd2 14.
Qxd2 Bxf4 15. exf4 O-O 16. Rhd1 Qf6 17. Kf1 Rfe8 18. Rac1 c6 19. Kg1 Re4 20.
g3 Rae8 21. Qb4 b6 22. Qa4 Rxd4 23. Qxd4 Qd6 24. Re1 Rc8 25. Qe5 Qd8 26. Rxc6
f6 27. Qe6+ Kf8 28. Rxc8 Qxc8 29. Qxc8+ Kf7 30. Qe8# 1-0

[Event "Idaho Open (Open)"]
[Site "Pocatello, ID"]
[Date "2009.04.05"]
[Round "5.5"]
[White "Abderhalden, Katherine Louise"]
[Black "Abderhalden, Richard Robert"]
[Result "1-0"]
[WhiteElo "1534"]
[BlackElo "1425"]

1. d4 f5 2. c4 Nf6 3. Nc3 g6 4. Bg5 Bg7 5. Nf3 O-O 6. e3 b6 7. Bd3 Bb7 8. O-O
Re8 9. Re1 d6 10. d5 c6 11. Rc1 cxd5 12. cxd5 Nxd5 13. Bc4 Qd7 14. Nxd5 e6 15.
Nc7 Nc6 16. Nxa8 Bxa8 17. Bb5 Bxb2 18. Rc2 Bg7 19. Qc1 Rc8 20. Nd4 Bxd4 21.
exd4 d5 22. Re3 Qd6 23. Rec3 h6 24. Bxc6 hxg5 25. Bxa8 Rxa8 26. Rc8+ Rxc8 27.
Rxc8+ Kh7 28. Qc7+ Qxc7 29. Rxc7+ Kg8 30. Rxa7 {#r} 1-0

[Event "Idaho Closed"]
[Site "Boise, ID"]
[Date "2010.02.13"]
[Round "1.18"]
[White "Min, Michael"]
[Black "Abderhalden, Richard Robert"]
[Result "0-1"]
[WhiteElo "404"]
[BlackElo "1516"]

1. e4 Nf6 2. Nc3 d6 3. Bb5+ c6 4. Bc4 g6 5. Nf3 Bg7 6. O-O b5 7. Bb3 b4 8. Na4
Nxe4 9. d3 Nf6 10. Ng5 O-O 11. Re1 d5 12. Nc5 Qd6 13. d4 Na6 14. Nxa6 Bxa6 15.
g3 Nd7 16. Bf4 e5 17. dxe5 Nxe5 18. Qg4 Rfd8 19. Qh4 h6 20. Nxf7 Kxf7 21. Qg4
Nxg4 22. Bxd6 Rxd6 23. c3 bxc3 24. bxc3 Bxc3 25. Rac1 Bxe1 26. Rxc6 Rxc6 27.
Bxd5+ Ke7 28. Bxc6 Rf8 29. f3 Ne5 30. f4 Nxc6 31. a4 g5 32. fxg5 hxg5 33. a5
Nd4 34. h4 Ne2+ 35. Kh2 Bxg3+ 36. Kh3 Bc8+ 37. Kg2 Rf2+ 38. Kh1 Bb7# 0-1

[Event "Idaho Closed"]
[Site "Boise, ID"]
[Date "2010.02.14"]
[Round "3.6"]
[White "Abderhalden, Katherine Louise"]
[Black "Patterson, Kevin R"]
[Result "1-0"]
[WhiteElo "1562"]
[BlackElo "1184"]

1. d4 c6 2. c4 Nf6 3. Nc3 d5 4. Bf4 dxc4 5. e4 e6 6. Nf3 Nbd7 7. Bxc4 Bb4 8.
Qc2 O-O 9. O-O Be7 10. Rad1 Nb6 11. Bd3 g6 12. Qd2 Re8 13. h3 Nh5 14. Bh6 Ng7
15. e5 Nd7 16. g4 f5 17. g5 Nf8 18. Ne2 c5 19. Bc4 Kh8 20. h4 b6 21. Nf4 Bb7
22. Be2 Bxf3 23. Bxf3 Rc8 24. Kg2 Qc7 25. Rh1 cxd4 26. Qxd4 Rcd8 27. Qe3 Rxd1
28. Bxd1 Qd8 29. Bf3 Bc5 30. Qe2 Kg8 31. h5 Qe7 32. hxg6 hxg6 33. Qc4 Qc7 34.
Re1 Rd8 35. a3 Rd2 36. b4 Rd4 37. Qc1 Rxf4 38. Qxf4 Be7 39. Rc1 Qd8 40. Qh4
Nh7 41. Bxg7 Kxg7 42. Qh6+ Kg8 43. Qxg6+ Kh8 44. Rh1 Qg8 45. Qxg8+ Kxg8 46. g6
Ng5 47. Bc6 Bf8 48. f4 Kg7 49. fxg5 Kxg6 50. Kf3 Kxg5 51. Rg1+ Kh6 52. Rg8 Bg7
53. Kf4 Kh7 54. Re8 Bh6+ 55. Kf3 f4 56. Rxe6 Kg7 57. Re7+ Kf8 58. Rxa7 {#r}
1-0

[Event "Idaho Closed"]
[Site "Boise, ID"]
[Date "2010.02.14"]
[Round "3.11"]
[White "Ye, Michael"]
[Black "Abderhalden, Richard Robert"]
[Result "1/2-1/2"]
[WhiteElo "1174"]
[BlackElo "1516"]

1. e4 c6 2. d4 d5 3. exd5 cxd5 4. Nc3 Bf5 5. Bf4 Nf6 6. g3 e6 7. Bg2 Bb4 8.
Nge2 Ne4 9. Bxe4 Bxe4 10. O-O Nc6 11. Nxe4 dxe4 12. c3 Bd6 13. Qb3 Rb8 14.
Rfe1 O-O 15. Rad1 Bxf4 16. Nxf4 g5 17. Nh3 Qf6 18. Qc2 Qf5 19. Kg2 Qf3+ 20.
Kg1 Qg4 21. Kg2 f5 22. Qe2 Qxe2 23. Rxe2 h6 24. Ng1 g4 25. h3 h5 26. a3 Na5
27. b4 Nc4 28. a4 a5 29. b5 b6 30. h4 Kg7 31. Ree1 Nb2 32. Ra1 Rbc8 33. Ne2
Rc4 34. Nf4 Kf7 35. Rec1 Nd3 36. Nxd3 exd3 37. Ra3 Rfc8 38. Kf1 Ke7 39. Ke1
Kd6 40. Kd2 Kd5 41. Re1 {#d} 1/2-1/2

[Event "Idaho Open"]
[Site "Pocatello, ID"]
[Date "2010.05.01"]
[Round "1.4"]
[White "Abderhalden, Katherine Louise"]
[Black "Finch, Douglas W"]
[Result "1-0"]
[WhiteElo "1697"]
[BlackElo "1373"]

1. d4 Nf6 2. c4 g6 3. Nc3 Bg7 4. Bg5 d6 5. Nf3 O-O 6. e3 h6 7. Bh4 Nbd7 8. Bd3
e5 9. O-O Re8 10. Nd2 g5 11. Bg3 Nf8 12. d5 Bd7 13. h3 Qc8 14. f4 Bxh3 15.
fxg5 hxg5 16. Nde4 Bg4 17. Nxf6+ Bxf6 18. Qc2 Bg7 19. Rf2 Bh5 20. Ne4 Qd8 21.
Raf1 Nd7 22. b4 Bg6 23. c5 f5 24. Nd2 e4 25. Be2 Ne5 26. Nc4 Qe7 27. Nxe5 dxe5
28. Rd1 f4 29. d6 cxd6 30. cxd6 Qd7 31. exf4 exf4 32. Bxf4 gxf4 33. Rxf4 Rac8
34. Qb3+ Re6 35. Bg4 Be5 36. Rf2 Bd4 37. Rxd4 Rc1+ 38. Rf1 Rxf1+ 39. Kxf1 Qf7+
{#r} 1-0